越南各省与中央直辖市地图 Provinces of Vietnam With a Map - Statistics

General Stats
  • This quiz has been taken 21 times
  • The average score is 12 of 34
Answers on the Map
Answers color-coded by a green-red scale on the quiz's map according to % correct below.
 
Answer Stats
分类 省级行政区 % Correct
中央直辖市 河内市
100%
中央直辖市 胡志明市
100%
太原省
85%
中央直辖市 岘港市
77%
中央直辖市 顺化市
69%
中央直辖市 海防市
69%
西宁省
69%
金瓯省
62%
老街省
54%
中央直辖市 芹苴市
46%
奠边省
46%
广宁省
38%
乂安省
38%
高平省
38%
林同省
31%
宣光省
31%
安江省
23%
清化省
23%
同奈省
15%
广义省
15%
山罗省
15%
莱州省
15%
北宁省
15%
谅山省
15%
庆和省
8%
同塔省
8%
多乐省
8%
嘉莱省
8%
广治省
8%
河静省
8%
兴安省
8%
富寿省
8%
永隆省
0%
宁平省
0%
No matching quizzes found
Score Distribution
Percent of People with Each Score
Percentile by Number Answered
Your Score History
You have not taken this quiz